| 000 | 01671cam a2200325 a 4500 | ||
|---|---|---|---|
| 001 | 4508821 | ||
| 005 | 19991005112214.0 | ||
| 008 | 980918s1999 njua b 001 0 eng | ||
| 010 | _a 98046113 | ||
| 020 | _a013242231X | ||
| 020 | _a9780132422314 | ||
| 035 | _a(DLC) 98046113 | ||
| 040 |
_aDLC _cDLC _dDLC |
||
| 050 | 0 | 0 |
_aHD58.8 _b.F76 1999 |
| 082 | 0 | 0 |
_a658.406 _221 _bFRE |
| 100 | 1 |
_aFrench, Wendell L., _d1923- _920625 |
|
| 245 | 1 | 0 |
_aOrganization Development : _bBehavioral Science Interventions for Organization Improvement / _cWendell L. French, Cecil H. Bell, Jr. |
| 250 | _a6th ed. | ||
| 260 |
_aUpper Saddle River, NJ : _bPrentice Hall, 1999 _cc1999. |
||
| 300 |
_axv, 343 p. : _bill. ; _c24 cm. |
||
| 504 | _aIncludes bibliographical references and indexes. | ||
| 650 | 0 |
_aOrganizational change. _920626 |
|
| 700 | 1 |
_aBell, Cecil, _d1935- _920627 |
|
| 942 |
_2ddc _cBB |
||
| 999 |
_c14791 _d14791 |
||